Statistics for Země podle písmene - B

Click here to take the quiz!

General Stats

  • This quiz has been taken 91 times
  • The average score is 13 of 17

Answer Stats

Stát% Correct
Belgie
94%
Bolívie
94%
Bulharsko
94%
Bangladéš
89%
Brazílie
89%
Bhútán
83%
Bosna a Hercegovina
81%
Bahamy
75%
Belize
75%
Bělorusko
75%
Brunej
75%
Bahrajn
69%
Benin
69%
Botswana
69%
Burundi
69%
Barbados
67%
Burkina Faso
53%

Score Distribution

Percentile by Number Answered

Percent of People with Each Score

Your Score History

You have not taken this quiz